Moldova in Eurovision - 12 points - Statistics

General Stats
  • This quiz has been taken 26 times
  • The average score is 47 of 52
Answer Stats
Hint Answer % Correct
2013 SF Ukraine
100%
2013 Ukraine
100%
2016 (Jury) Ukraine
100%
2022 SF (Jury) Ukraine
100%
2022 SF (Televote) Ukraine
100%
2022 (Jury) Ukraine
100%
2022 (Televote) Ukraine
100%
2023 (Televote) Ukraine
100%
2024 (Jury) Ukraine
100%
2024 (Televote) Ukraine
100%
2006 SF Russia
96%
2010 SF Russia
96%
2014 SF Russia
96%
2016 SF (Jury) Russia
96%
2016 (Televote) Russia
96%
2019 (Televote) Russia
96%
2021 (Televote) Russia
96%
2021 SF (Jury) Bulgaria
91%
2021 (Jury) Bulgaria
91%
2005 SF Romania
91%
2006 Romania
91%
2007 Romania
91%
2008 SF Romania
91%
2008 Romania
91%
2009 Romania
91%
2010 Romania
91%
2011 SF Romania
91%
2011 Romania
91%
2012 SF Romania
91%
2012 Romania
91%
2014 Romania
91%
2015 SF Romania
91%
2015 Romania
91%
2017 (Jury) Romania
91%
2017 (Televote) Romania
91%
2018 SF (Jury) Romania
91%
2018 SF (Televote) Romania
91%
2019 SF (Jury) Romania
91%
2019 SF (Televote) Romania
91%
2023 (Jury) Sweden
87%
2018 (Jury) Estonia
83%
2021 SF (Televote) Greece
83%
2005 Latvia
83%
2007 SF Belarus
78%
2018 (Televote) Israel
78%
2023 SF (Televote) Israel
78%
2017 SF (Jury) Portugal
78%
2009 SF Azerbaijan
74%
2016 SF (Televote) Azerbaijan
74%
2017 SF (Televote) Azerbaijan
74%
2024 SF (Televote) Cyprus
74%
2019 (Jury) North Macedonia
65%
No matching quizzes found
Score Distribution
Percent of People with Each Score
Percentile by Number Answered
Your Score History
You have not taken this quiz